| 000 | 01123na a2200229 4500 | ||
|---|---|---|---|
| 001 | 21877 | ||
| 003 | MIRAKIL | ||
| 005 | 20181213154822.0 | ||
| 008 | 170208b tu 000 0 | ||
| 040 |
_aMilas _btur _cTR-AnCHP |
||
| 041 | _atur | ||
| 082 |
_a351.7223 _bI45 2009 |
||
| 090 | _a351.7223 İ45 2009 | ||
| 245 | _a2009 merkezi yönetim bütçesi | ||
| 260 |
_aAnkara _b[yayl. y.] _c2009 |
||
| 300 |
_a3 c. _btbl. _c16 sm. |
||
| 505 | _ac 1. (I) sayılı cetvel Genel Bütçe kapsamındaki kamu idareleri ve (II) sayılı cetvel Özel Bütçeli idareler ( B - Özel Bütçeli diğer idareller) ile (III) düzenleyici ve denetleyici kurumlar - c 2. (II) sayılı cetvel Özel Bütçeli idareler (A- Yükseköğretim kurulu, Üniversiteler ve Yüksek Teknoloji Enstitüleri) - c 3. (II) sayılı cetvel Özel Bütçeli idareler ( A - Yükseköğretim Kurulu, Üniversiteler ve Yüksek Teknoloji Enstitüleri) | ||
| 650 |
_aÖzel bütçeli idareler _xKesin bütçe _y2009 |
||
| 650 |
_aGenel bütçeli idareler _xKesin bütçe _y2009 |
||
| 650 |
_aYükseköğretim Kurulu _xKesin bütçe _y2009 |
||
| 942 |
_2ddc _cBKS |
||
| 999 |
_c1400 _d1400 |
||